000 01481nam0a2200397 4500
001 RU\NLR\bibl\377122
005 20250622152231.0
010 _a5-93396-006-3
_93000
021 _aRU
_b2002-60630
_92941
035 _a(NLR Aleph) 000371584
090 _a399077
_c399077
100 _a20030219d2002 |||y0rusy50 ca
101 0 _arus
102 _aRU
105 _aa |||||||||
200 1 _aЭлектрокардиостимуляция в клинической практике
_fТ. В. Трешкур, Е. А. Камшилова, О. Л. Гордеев
210 _aСПб.
_cИНКАРТ
_d2002
215 _a160 с.
_cил.
_d20
320 _aБиблиогр.: с. 155-158
606 0 _aСердце
_xЭлектростимуляция
_91164865
_3RU\NLR\auth\66148854
606 0 _aЭлектрокардиостимуляция
_92281055
_3RU\NLR\auth\661366644
610 0 _aСердце - Электростимуляция
610 0 _aСердечно-сосудистые больные - Клинические исследования
675 _a616.12-084.844
_v3
_zrus
686 _a76.29
_2rugasnti
686 _a54.101
_2rubbk
686 _aР354.29
700 1 _aТрешкур
_bТ. В.
_4070
701 1 _aКамшилова
_bЕ. А.
_4070
701 1 _aГордеев
_bО. Л.
_4070
801 0 _aRU
_bRKP
_c20030219
_gPSBO
801 1 _aRU
_bRKP
_c20030219
801 2 _aRU
_bNLR
_c20110120
_grcr
942 _cBOOK
980 _aNB